000
00325nam a22001457a 4500
008
230124b ||||| |||| 00| 0 eng d
020
_a
9780997005370
041
_a
eng
080
_2
COMPLETE EDITION
_a
159.9
082
_a
159.9COR
100
_a
25
101
_a
PSY
245
_a
PSYCHOLOGY
_c
CORAYER M
942
_2
udc
_c
BK
999
_c
59264
_d
59264